Software testing (Record no. 4974)

MARC details
000 -LEADER
fixed length control field 00433nam a2200169Ia 4500
003 - CONTROL NUMBER IDENTIFIER
control field SGT
020 ## - INTERNATIONAL STANDARD BOOK NUMBER
International Standard Book Number 9788173197901
082 ## - DEWEY DECIMAL CLASSIFICATION NUMBER
Classification number 5.14
Item number MUS
100 ## - MAIN ENTRY--PERSONAL NAME
Personal name Mustafa,K
245 ## - TITLE STATEMENT
Title Software testing
260 ## - PUBLICATION, DISTRIBUTION, ETC. (IMPRINT)
Name of publisher, distributor, etc Narosa Publishing House
Place of publication, distribution, etc New Delhi
Year of Publication 2009
300 ## - PAGE DESCRIPTION
No. of Pages 293p.
650 ## - SUBJECT ADDED ENTRY--TOPICAL TERM
Topical term or geographic name as entry element COMPUTER SCIENCE
653 ## - KEYWORDS--INDEX TERM
Keyword term SOFTWARE TESTING FUNDAMENTALS, SOFTWARE TESTABILITY STATING TESTING
700 ## - ADDED ENTRY--PERSONAL NAME
Personal name Khan,R.A
942 ## - ADDED ENTRY ELEMENTS (KOHA)
Source of classification or shelving scheme Dewey Decimal Classification
Koha item type Books
942 ## - ADDED ENTRY ELEMENTS (KOHA)
-- 3
Holdings
Withdrawn status Lost status Source of classification or shelving scheme Damaged status Not for loan Home library Current library Date acquired SGTU Total Checkouts Full call number Accession No. (Barcode) Date last seen Date last borrowed Bill Date Koha item type
    Dewey Decimal Classification     SGT Engineering Library SGT Engineering Library 28/04/2010 SGTU 5 5.14 MUS FE2041 28/11/2022 19/11/2022 09/02/2015 Books
    Dewey Decimal Classification     SGT Engineering Library SGT Engineering Library 28/04/2010 SGTU   5.14 MUS FE2042 09/02/2015   09/02/2015 Books
    Dewey Decimal Classification     SGT Engineering Library SGT Engineering Library 28/04/2010 SGTU 6 5.14 MUS FE2043 01/06/2026 01/06/2026 09/02/2015 Books
    Dewey Decimal Classification     SGT Engineering Library SGT Engineering Library 28/04/2010 SGTU 2 5.14 MUS FE2044 17/08/2021 26/07/2021 09/02/2015 Books
    Dewey Decimal Classification     SGT Engineering Library SGT Engineering Library 28/04/2010 SGTU 5 5.14 MUS FE2045 09/09/2024 09/09/2024 09/02/2015 Books